Guests of the Sheik : (Record no. 9041)
[ view plain ]
| 000 -LEADER | |
|---|---|
| fixed length control field | 00905pam a2200241 a 4500 |
| 001 - CONTROL NUMBER | |
| control field | 2926815 |
| 005 - DATE AND TIME OF LATEST TRANSACTION | |
| control field | 20260313161048.0 |
| 008 - FIXED-LENGTH DATA ELEMENTS--GENERAL INFORMATION | |
| fixed length control field | 890913s1989 nyu 001 0 eng |
| 020 ## - INTERNATIONAL STANDARD BOOK NUMBER | |
| International Standard Book Number | 0385014856 : |
| Terms of availability | $8.95 ($10.95 Can.) |
| 020 ## - INTERNATIONAL STANDARD BOOK NUMBER | |
| International Standard Book Number | 9780385014854 |
| 050 00 - LIBRARY OF CONGRESS CALL NUMBER | |
| Classification number | HQ1735.Z9 |
| Item number | N344 1989 |
| 082 00 - DEWEY DECIMAL CLASSIFICATION NUMBER | |
| Classification number | 306/.09567/5 |
| Edition information | 20 |
| 100 1# - MAIN ENTRY--PERSONAL NAME | |
| Personal name | Fernea, Elizabeth Warnock, |
| Dates associated with a name | 1927-2008. |
| 245 10 - TITLE STATEMENT | |
| Title | Guests of the Sheik : |
| Remainder of title | an ethnography of an Iraqi village / |
| Statement of responsibility, etc. | Elizabeth Warnock Fernea. |
| 250 ## - EDITION STATEMENT | |
| Edition statement | Anchor Books ed. |
| 260 ## - PUBLICATION, DISTRIBUTION, ETC. | |
| Place of publication, distribution, etc. | New York : |
| Name of publisher, distributor, etc. | Doubleday, |
| Date of publication, distribution, etc. | 1989. |
| 300 ## - PHYSICAL DESCRIPTION | |
| Extent | 346 p. ; |
| Dimensions | 21 cm. |
| 500 ## - GENERAL NOTE | |
| General note | Includes index. |
| 650 #0 - SUBJECT ADDED ENTRY--TOPICAL TERM | |
| Topical term or geographic name entry element | Women |
| Geographic subdivision | Iraq |
| -- | Nahr. |
| 856 42 - ELECTRONIC LOCATION AND ACCESS | |
| Materials specified | Publisher description |
| Uniform Resource Identifier | <a href="http://www.loc.gov/catdir/description/random042/89027687.html">http://www.loc.gov/catdir/description/random042/89027687.html</a> |
| 856 42 - ELECTRONIC LOCATION AND ACCESS | |
| Materials specified | Contributor biographical information |
| Uniform Resource Identifier | <a href="https://www.loc.gov/catdir/enhancements/fy1702/89027687-b.html">https://www.loc.gov/catdir/enhancements/fy1702/89027687-b.html</a> |
| 942 ## - ADDED ENTRY ELEMENTS (KOHA) | |
| Source of classification or shelving scheme | Library of Congress Classification |
| Koha item type | Books |
| Edition | Anchor Books ed. |
| Suppress in OPAC | No |
| 999 ## - | |
| -- | 9041 |
| -- | 9041 |
| Withdrawn status | Lost status | Source of classification or shelving scheme | Damaged status | Not for loan | Collection | Home library | Current library | Shelving location | Date acquired | Total checkouts | Full call number | Barcode | Date last seen | Copy number | Price effective from | Koha item type |
|---|---|---|---|---|---|---|---|---|---|---|---|---|---|---|---|---|
| Library of Congress Classification | Non-fiction | Business Library (Miotso) | Business Library (Miotso) | General stacks | 03/11/2026 | HQ1735.Z9 N344 1989 | BSSM00002762 | 03/13/2026 | 1 | 03/11/2026 | Books |